Barcelona squad 2021/22 - Statistics

General Stats
  • This quiz has been taken 85 times
  • The average score is 20 of 30
Answer Stats
# Position Nation Player % Correct
1 GK Germany Marc-André ter Stegen
99%
21 MF Netherlands Frenkie de Jong
93%
17 FW Netherlands Luuk de Jong
93%
9 FW Netherlands Memphis Depay
90%
7 FW France Ousmane Dembélé
90%
4 DF Uruguay Ronald Araújo
90%
2 DF United States Sergiño Dest
90%
16 MF Spain Pedri
88%
5 MF Spain Sergio Busquets
86%
30 MF Spain Gavi
84%
3 DF Spain Gerard Pique
84%
Manager Manager Spain Xavi
84%
25 FW Gabon Pierre-Emrick Aubameyang
81%
19 FW Spain Ferran Torres
77%
18 DF Spain Jordi Alba
75%
10 FW Spain Ansu Fati
74%
13 GK Brazil Neto
74%
15 DF France Clément Lenglet
68%
8 DF Brazil Dani Alves
67%
23 DF France Samuel Umtiti
67%
20 DF Spain Sergi Roberto
64%
12 FW Denmark Martin Braithwaite
60%
24 DF Spain Eric Garciá
48%
31 DF Spain Álex Balde
38%
33 FW Morocco Ez Abde
38%
22 DF Spain Óscar Mingueza
36%
6 MF Spain Riqui Puig
30%
36 GK Spain Arnau Tenas
29%
14 MF Spain Nico González
25%
11 FW Spain Adama Troaré
7%
No matching quizzes found
Score Distribution
Percent of People with Each Score
Percentile by Number Answered
Your Score History
You have not taken this quiz